00513nam a2200193 a 4500001001300000003000900013005001700022008004100039020001000080082001600090100001800106245002700124260003200151300000900183500003500192505003400227650004000261700001800301nice12345678IN_TiNIC20260116012904.0050524s0000 swia grp 000 0 ara  ac10000a297.24bLUK aLuka, Ibrahim aAl-Masihiyat Fil Islam aSwitzerlandbGood Wayc0000 a208p aincludes index and biblioraphy2 aAppendex, Bibliography, Index aJesus Christ-Islamic Interpretation1 aLuka, Ibrahim